000
00332nam a2200121Ia 4500
008
201214s9999 xx 000 0 und d
100
_a
Warring, R. H. (ed.)
245
0
_a
Some Aspects of Hydraulics in Mechanical Handling and Mobile Equipment
260
_a
Morden
260
_b
Trade & Technical Press
300
_a
122
942
_c
BK
999
_c
5644
_d
5644